MARC

LEADER 00000nas a2200000 a 4500
001 ssj0017980
003 WaSeSS
005 20200512172242.0
006 m d
007 cr n
008 021211c18809999enkar s o 0 0eng c
010 |a  2002227227 
016 7 |a 2067299-8  |2 DE-600 
022 |a 2041-4099  |l 0075-4269  |y 0075-4269 
035 |a (WaSeSS)ssj0017980 
040 |a EYM  |b eng  |c EYM  |d OCLCQ  |d UQ1  |d OCLCQ  |d OCLCO  |d OCLCF  |d COO  |d OCLCQ  |d DEBBG  |d GILDS  |d OCLCO  |d INARC  |d VT2  |d NJT  |d CEF  |d IUL  |d OCLCQ  |d WaSeSS 
042 |a pcc 
043 |a e-gr--- 
050 1 4 |a DF10 
130 0 |a Journal of Hellenic studies (Online) 
210 0 |a J. Hell. stud.  |b (Online) 
222 0 |a Journal of Hellenic studies  |b (Online) 
245 1 4 |a The journal of Hellenic studies  |h [electronic resource]. 
260 |a London :  |b Published by the Council for the Society for the Promotion of Hellenic Studies,  |c 1880- 
310 |a Annual,  |b 1940- 
321 |a Semiannual,  |b 1880-1939 
362 0 |a Vol. 1 (1880)- 
500 |a Title from title screen (viewed Dec. 12, 2002). 
506 |a License restrictions may limit access. 
515 |a Volume for 1957 issued in two parts. 
580 |a Volumes for 1955-1957 contain unnumbered supplements: Archaeological reports, later issued separately. 
588 1 |a Vol. 116 (1996). 
650 0 |a Greek philology  |v Periodicals. 
650 0 |a Inscriptions, Greek  |v Periodicals. 
650 7 |a Antiquities.  |2 fast  |0 (OCoLC)fst00810745 
650 7 |a Greek philology.  |2 fast  |0 (OCoLC)fst00947491 
650 7 |a Inscriptions, Greek.  |2 fast  |0 (OCoLC)fst00973878 
650 7 |a Inscription grecque.  |2 rasuqam 
650 7 |a Philologie.  |2 rasuqam 
650 7 |a Épigraphie.  |2 rasuqam 
651 0 |a Greece  |x Antiquities  |v Periodicals. 
651 7 |a Greece.  |2 fast  |0 (OCoLC)fst01208380 
651 7 |a Grèce antique.  |2 rasuqam 
655 0 |a Electronic journals. 
710 2 |a Society for the Promotion of Hellenic Studies (London, England) 
730 0 |a Archaeological reports (London, England : Online) 
776 0 8 |i Print version:  |t Journal of Hellenic studies  |x 0075-4269  |w (DLC) 09020515  |w (OCoLC)1754613 
785 0 1 |t Archaeological reports (London, England : Online)  |x 2041-4102  |w (DLC) 2002227388  |w (OCoLC)51206552 
856 4 0 |z Full text available from Research Library: 01/01/2016 to 1 year ago  |u https://search.proquest.com/publication/35007